| 000 | 00620nam a2200229Ia 4500 | ||
|---|---|---|---|
| 008 | 160803s9999 xx 000 0 und d | ||
| 020 | _a9780590066938 (paperback) | ||
| 100 | _aLondon, Jonathan | ||
| 245 | _aFroggy goes to school / | ||
| 245 | _cby Jonathan London ; illustrated by Frank Remkiewicz. | ||
| 260 | _aNew York : | ||
| 260 | _bScholastic Inc. | ||
| 260 | _c1997 | ||
| 300 | _a[28] unnumbered pages : | ||
| 300 | _bcolor illustrations ; | ||
| 300 | _c20 x 24 cm. | ||
| 650 | _aFirst day of school -- | ||
| 650 | _aFrogs -- | ||
| 650 | _xFiction. | ||
| 650 | _xFiction. | ||
| 700 | _a490 | ||
| 999 |
_c299893 _d299893 |
||